Introducción a la conservación del patrimonio y técnicas artísticas
Tallennettuna:
| Päätekijä: | |
|---|---|
| Aineistotyyppi: | Kirja |
| Kieli: | espanja |
| Julkaistu: |
Barcelona
Ariel
1996
|
| Painos: | 1a. ed |
| Sarja: | Ariel Historia. Serie Historia del Arte
|
| Aiheet: | |
| Tagit: |
Lisää tagi
Ei tageja, Lisää ensimmäinen tagi!
|
MARC
| LEADER | 00000nam a2200000 a 4500 | ||
|---|---|---|---|
| 001 | UCL7096 | ||
| 003 | CL-VaPUC | ||
| 008 | 040430e19960000SP |||||||||||||||||spa|d | ||
| 020 | |a 8434465809 | ||
| 082 | 0 | 4 | |a 720.288 |b FER |2 21 |
| 100 | 0 | |a Fernández Arenas, José |e author |9 484867 | |
| 245 | 1 | 0 | |a Introducción a la conservación del patrimonio y técnicas artísticas |
| 250 | |a 1a. ed | ||
| 300 | |a 203 p | ||
| 942 | |c BK | ||
| 945 | |d 20040430 00:00:00 |a cmena | ||
| 260 | |a Barcelona |b Ariel |c 1996 | ||
| 650 | 0 | |a Patrimonio cultural |9 309364 | |
| 650 | 7 | |a CONSERVACION DE MONUMENTOS HISTORICOS |2 CL-VaPUC |9 484639 | |
| 583 | |a last modification |c 20040430 00:00:00 |k Rodrigo Vera | ||
| 490 | 0 | |a Ariel Historia. Serie Historia del Arte | |
| 999 | |c 308957 |d 308955 | ||
| 952 | |0 0 |1 0 |4 0 |6 720_288000000000000_FER_1996 |7 0 |8 A |9 375962 |a BIBHIS |b BIBHIS |d 2019-11-21 |i 4011023 |o 720.288 FER 1996 |p 4011023 |r 2025-01-20 |w 2019-11-21 |y BK |k HIS | ||